Le GOAT game - Statistiques

Statistiques générales
  • Ce quiz a été pris 71 fois
  • Le résultat moyen est 7 sur 10
Statistiques - réponses
Poste Club Messi Club Ronaldo Réponse % Correct
MOC / AD Argentine Réal Madrid Angel Di Maria
97%
GK PSG Réal Keylor Navas
94%
DC PSG Réal Madrd Sergio Ramos
91%
DC FC Barcelone Manchester united Gerard Piqué
88%
BU Argentine Réal Madrid / Juventus Gonzalo Higuain
87%
MOC Argentine Juventus Paulo Dybala
81%
DD FC Barcelone Portugal Nelson Semedo
72%
BU Argentine Manchester United Carlos Tevez
64%
MOC / MC FC Barcelone Portugal Deco
39%
DC Argentine Manchester united Gabriel Heinze
4%
Aucun quiz correspondant
Distribution des résultats
% des personnes avec chaque résultat
Percentile par nombre de réponses
Votre historique - résultats
Vous n’avez pas pris ce quiz